书目信息 |
| 题名: |
网络营销
|
|
| 作者: | 施特劳斯 ;黄健青 华迎 | |
| 分册: | ||
| 出版信息: | 北京 中国人民大学出版社 2004 |
|
| 页数: | 496 | |
| 开本: | 26cm | |
| 丛书名: | ||
| 单 册: | ||
| 中图分类: | F | |
| 科图分类: | ||
| 主题词: | 经济 | |
| 电子资源: | ||
| ISBN: | 7-300-05475-7 | |
| 000 | 00580nam0 2200193 450 | |
| 001 | 0754273534 | |
| 005 | 20071011150433.53 | |
| 010 | @a7-300-05475-7@d49 | |
| 100 | @a20071011d km y0chiy0120 ea | |
| 101 | 0 | @achi |
| 200 | 1 | @a网络营销@Awang luo ying xiao@f施特劳斯等@Fshi te lao si deng@g黄健青 华迎@Ghuang jian qing hua ying |
| 210 | @a北京@c中国人民大学出版社@d2004 | |
| 215 | @a496@d26cm | |
| 606 | 0 | @a经济 |
| 690 | @aF@v3 | |
| 701 | 0 | @a施特劳斯@Ashi te lao si |
| 702 | 0 | @a黄健青 华迎@Ahuang jian qing hua ying |
| 801 | 0 | @aCN@bPFT@c20071011 |
| 905 | @a213230@dF@eZW46@f1 | |
| 网络营销/施特劳斯等/黄健青 华迎.-北京:中国人民大学出版社,2004 |
| 496;26cm |
| ISBN 7-300-05475-7:49 |
| ● |
| 相关链接 |
|
|
|
|
正题名:网络营销
索取号:F/ZW46
 
预约/预借
| 序号 | 登录号 | 条形码 | 馆藏地/架位号 | 状态 | 备注 |
| 1 | 7618498 | 276184987 | 中文系资料室/ [索取号:F/ZW46] | 在馆 |